| 000 | 00569nam a2200181Ia 4500 | ||
|---|---|---|---|
| 008 | 100122s9999 xx 000 0 und d | ||
| 082 |
_b5551 _a82 |
||
| 100 | _aगांधी महात्मा | ||
| 245 | _aअखंड भारत | ||
| 250 | _a0 | ||
| 260 |
_bमहाराष्ट्र ग्रंथ भांडार _c1943 |
||
| 300 | _a91 | ||
| 520 | _aगांधी मोहनदास | ||
| 620 | _aगांधी मोहनदास | ||
| 630 | _aअखंड भारत | ||
| 730 | _aअखंड भारत | ||
| 942 | _cBOOK | ||
| 999 |
_c398799 _d398796 |
||